2823-大阪市西淀川区(大阪府)の駅 - Statistics

General Stats
  • This quiz has been taken 9 times
  • The average score is 4 of 5
Answer Stats
Answer % Correct
御幣島
89%
89%
出来島
78%
千船
67%
姫島
67%
No matching quizzes found
Score Distribution
Percent of People with Each Score
Percentile by Number Answered
Your Score History
You have not taken this quiz